00795nam a22001937a 4500999001900000005001700019010001500036020003000051035001400081037001300095082001000108100002500118245006600143260009400209270006300303300007900366942002400445952013200469 c178414d17841420210330132907.0 aENG-129327 c110.00a978-81-230-1679-5 aEN-112859 bDBAD/PUB a523.7 aRajan, Mohan Sundara aSurya: Solar Explorations Since Galileo/bMohan Sundara Rajan aNew DelhibPublication Division, Min of Information and Broadcasting, Govt of Indiac2012 bNew DelhiaSoochna Bhavan, CGO Complex, Lodhi Roade110003 a122p.c24cm(pbk)bIncluding illustrations, and bibliographical references. 2ddccENh523.7mRAJ 001040708NFICaBNbBNd2021-03-30eDBAD/PUBg110.00l0o523.7 RAJpEN-112859r2021-03-30 00:00:00t1v110.00w2021-03-30yEN